000
00299nam a2200133Ia 4500
003
OSt
005
20240404094148.0
020
_a
81-7000-326-1
040
_c
LCC
050
_a
Z 696.D54 D 56
100
_a
DHYANI,PUSHIPA
245
0
_a
CLASSIFYING WITH DEWEY DECIMAL CLASSFICATION
942
_c
BK
_2
ddc
999
_c
206793
_d
206793